Get the Picture: Professional Wrestling Quiz Stats

 Plays Quiz Updated Jun 1, 2019

Score 0/16 Timer 01:30
8 Plays Today
Question Answer Wrong Answers
This brand is associated with Vince McMahon WWE
84.2%
WCW
3.6%
AEW
1.4%
IMPACT!
1.6%
This brand hosted Raw competitions WWE
83%
WCW
5.4%
AEW
1.4%
IMPACT!
1.4%
This brand originally featured John Cena WWE
78.3%
WCW
7.4%
AEW
1.6%
IMPACT!
3.7%
This brand hosted Monday Nitro WCW
74.2%
WWE
11.5%
AEW
2.2%
IMPACT!
3.8%
This brand was founded by Ted Turner WCW
73.4%
WWE
5.9%
AEW
4.4%
IMPACT!
7.7%
This brand was founded in 1952 WWE
72.8%
WCW
13.7%
AEW
2.1%
IMPACT!
2.3%
This brand frequently used an unusual six-sided ring until 2018 IMPACT!
72.5%
WCW
6.1%
WWE
4.7%
AEW
6.9%
This brand was founded in 2019 AEW
71.7%
WCW
8.7%
WWE
3.7%
IMPACT!
7.4%
This brand was bought by a competitor WCW
70.7%
WWE
8%
AEW
6.7%
IMPACT!
5.3%
This brand was previously known as Total Nonstop Action (TNA) IMPACT!
69.8%
WCW
6.5%
WWE
9.9%
AEW
4.7%
This brand features the high-risk, acrobatic 'X Division' IMPACT!
69.3%
WCW
6.4%
WWE
6.2%
AEW
8%
This brand has never featured Hulk Hogan AEW
68%
WCW
9.4%
WWE
4.6%
IMPACT!
8.7%
This brand features and was founded by The Elite stable AEW
65.4%
WCW
10.7%
WWE
6.9%
IMPACT!
7.8%
This brand's inaugural event was called Double or Nothing AEW
63%
WCW
8.6%
WWE
10.9%
IMPACT!
8.8%
This brand was owned by AOL WCW
54.3%
WWE
6.5%
AEW
10.2%
IMPACT!
20%
This brand is not headquartered in the United States IMPACT!
46.8%
WCW
10.8%
WWE
9.6%
AEW
23.9%

Today's Daily Dose

Word Ladder
Lean on Me

Get the Picture
Superhero by Villain

You're not logged in!

Compare scores with friends on all Sporcle quizzes.
OR
Log In

Sporcle TV

Today on Sporcle TV


Watch our educational content, quiz creation guides, and fun videos on Sporcle TV.

Show Comments

Extras

Top Quizzes Today


Score Distribution

Your Account Isn't Verified!

In order to create a playlist on Sporcle, you need to verify the email address you used during registration. Go to your Sporcle Settings to finish the process.

Report this User

Report this user for behavior that violates our Community Guidelines.

Details: